Statistics for Random K-Pop Idol by Photo

Click here to take the quiz!

General Stats

  • This quiz has been taken 142 times
  • The average score is 8 of 20

Answer Stats

Answer% Correct
V
93%
Jisoo
79%
Jackson
76%
Mark
67%
Chaeryeong
66%
Sana
64%
Hyuna
62%
Taeyeon
55%
Minho
46%
Daniel
43%
Taeyang
39%
Jay Park
38%
JooE
27%
Ailee
21%
Minhyuk
19%
Donghae
18%
Choerry
12%
Kyulkyung
11%
Seunghoon
6%
Ashley
4%

Score Distribution

Percentile by Number Answered

Percent of People with Each Score

Your Score History

You have not taken this quiz